000 00493nam a22001817a 4500
003 OSt
005 20250519124525.0
008 250519b |||||||| |||| 00| 0 eng d
020 _a978-81-264-1989-0
040 _cSBCL
082 _a894.8123
_bMUK-P
100 _aMukundan,M
245 _aPravasam
260 _aKottayam
_bDC Books
_c2023
300 _a432p.
650 _2Literature & rhetoric
_aLiteratures of other languages
_vAltaic, Uralic, Hyperborean & Dravidian
942 _cBOOK
999 _c136916
_d136916